Arise Awake and Realise (Record no. 209455)
[ view plain ]
| 000 -LEADER | |
|---|---|
| fixed length control field | 00569nam a22001817a 4500 |
| 005 - DATE AND TIME OF LATEST TRANSACTION | |
| control field | 20250219150055.0 |
| 010 ## - LCCN (DPL NO) | |
| LC control number | ENG-143864 |
| 020 ## - INTERNATIONAL STANDARD BOOK NUMBER | |
| International Standard Book Number | 9789391841973 |
| 035 ## - SYSTEM CONTROL NUMBER | |
| System control number | EN-127396 |
| 037 ## - SOURCE OF ACQUISITION | |
| Source of stock number/acquisition | DBAD/PUB |
| 082 ## - DEWEY DECIMAL CLASSIFICATION NUMBER | |
| Classification number | 613.7046 |
| 100 ## - MAIN ENTRY--PERSONAL NAME | |
| Personal name | rajendran Yenkannamoole |
| 245 ## - TITLE STATEMENT | |
| Title | Arise Awake and Realise |
| 260 ## - PUBLICATION, DISTRIBUTION, ETC. (IMPRINT) | |
| Place of publication, distribution, etc | Bengaluru |
| Name of publisher, distributor, etc | Prism Books Pvt.Ltd |
| Date of publication, distribution, etc | 2023 |
| 270 ## - ADDRESS | |
| Address | #53,1st Floor,30th Cross,9th Main Banashankari 2 Stage |
| City | Bengaluru |
| Electronic mail address | logistics@prismbooks.com |
| Postal code | 560070 |
| 300 ## - PHYSICAL DESCRIPTION | |
| Extent | 357p. |
| Dimensions | 22cm(pbk) |
| 942 ## - ADDED ENTRY ELEMENTS (KOHA) | |
| Source of classification or shelving scheme | Dewey Decimal Classification |
| Item type | English Books |
| Classification part | 613.7046 |
| Call number suffix | YEN |
| Withdrawn status | Lost status | Not for loan | Collection code | Home library | Current library | Date acquired | Source of acquisition | Cost, normal purchase price | Full call number | Barcode | Copy number | Koha item type |
|---|---|---|---|---|---|---|---|---|---|---|---|---|
| Non-fiction | Central Library | Central Library | 19/02/2025 | DBAD | 525.00 | 613.7046 YEN | EN-127396 | 1 | English Books |
